[Muerte Súbita] Países con Champions League - Estadísticas

Estadísticas generales
  • Esta prueba ha sido intentada 223 veces
  • La puntuación promedio es 8 de 10
Answers on the Grid
Answers color-coded by a green-red scale on the quiz's grid according to % correct below.
España
Portugal
Escocia
Italia
Inglaterra
Países Bajos
Alemania
Rumania
Serbia
Francia
Austria
Bélgica
Irlanda
Suiza
Polonia
Rusia
Dinamarca
Grecia
República Checa
Suecia
Eslovaquia
 
Estadísticas de respuestas
Respuesta % Correcto
España
93%
Italia
93%
Inglaterra
91%
Alemania
89%
Francia
87%
Portugal
87%
Países Bajos
85%
Escocia
64%
Rumania
55%
Serbia
48%
No se encontraron pruebas coincidentes
Distribución de puntuación
Porcentaje de gente con cada puntuación
Porcentaje por número respondido
Historial de tus puntuaciones
No has intentado esta prueba.